Neem dreams / (Record no. 26303)

MARC details
000 -LEADER
fixed length control field 00677 a2200193 4500
010 ## - LCCN (DPL NO)
LC control number B-285050 , B-215335
020 ## - INTERNATIONAL STANDARD BOOK NUMBER
International Standard Book Number 812910217X
Terms of availability 295.00
020 ## - INTERNATIONAL STANDARD BOOK NUMBER
International Standard Book Number 9788129102171
Terms of availability 295.00
035 ## - SYSTEM CONTROL NUMBER
System control number B-285050, B-215336, B-215315, B-215335, B-215331
037 ## - SOURCE OF ACQUISITION
Source of stock number/acquisition UBH
082 ## - DEWEY DECIMAL CLASSIFICATION NUMBER
Classification number N
100 ## - MAIN ENTRY--PERSONAL NAME
Personal name Baranay, Inez
245 ## - TITLE STATEMENT
Title Neem dreams /
Statement of responsibility, etc by Inez Baranay
260 ## - PUBLICATION, DISTRIBUTION, ETC. (IMPRINT)
Place of publication, distribution, etc New Delhi
Name of publisher, distributor, etc Rupa
Date of publication, distribution, etc 2003
270 ## - ADDRESS
Address 7/16, Ansari Road, Darya Ganj
City New Delhi
Postal code 110002
300 ## - PHYSICAL DESCRIPTION
Extent 278p.
Dimensions 20cm. (pbk)
942 ## - ADDED ENTRY ELEMENTS (KOHA)
Institution code [OBSOLETE] dpl
Item type English Books
Source of classification or shelving scheme Dewey Decimal Classification
Classification part N
Call number suffix BAR
Holdings
Withdrawn status Lost status Not for loan Collection code Home library Current library Date acquired Source of acquisition Cost, normal purchase price Full call number Barcode Copy number Cost, replacement price Koha item type
      Fiction Patel Nagar Patel Nagar 10/07/2018 BPPD/Pub 295.00 N BAR B-215336   295.00 English Books
      Fiction Patel Nagar Patel Nagar 10/07/2018 BPPD/Pub 295.00 N BAR B-215315   295.00 English Books
      Fiction R.C.Libraries (zls) R.C.Libraries (zls) 08/11/2018   295.00 N BAR B-215335 1 295.00 English Books
      Fiction Sarojini Nagar Sarojini Nagar 17/12/2018     N BAR B-215320     English Books
      Non-fiction Vigyan Vihar Vigyan Vihar 23/02/2019 BPPD/PUB 295.00 N BAR B-215331   295.00 English Books
      Fiction Vinoba Puri Vinoba Puri 13/05/2009 UBH/143/25.8.08/187/21.7.08/29.8.08 295.00 N BAR B-285050 1 295.00 English Books
      Fiction Yojana Vihar Yojana Vihar 27/09/2019 BPPD/PUB 295.00 N BAR B-215330   295.00 English Books

© Delhi Public Library
Hit Counter
free hit counter